| 000 | 00588nam a2200169Ia 4500 | ||
|---|---|---|---|
| 008 | 090201s9999 xx 000 0 und d | ||
| 010 | _aKPL-31117 | ||
| 040 | _bमराठी | ||
| 041 | _aमराठी | ||
| 082 |
_a31915 _b31117 |
||
| 100 | _aवसंत सबनीस | ||
| 245 |
_aअप्पाजींचा सेक्रेटरी _cवसंत सबनीस |
||
| 260 |
_c2004 _bकॉन्टीनेंटल प्रकाशन |
||
| 300 |
_a95 _bमोठा |
||
| 600 | _aअप्पाजींचा सेक्रेटरी | ||
| 942 | _cBOOK | ||
| 999 |
_c230314 _d230314 |
||